[Event "World Blitz Women 2016"]
[Site "Doha QAT"]
[Date "2016.12.30"]
[Round "11.4"]
[White "Gunina, Valentina"]
[Black "Harika, Dronavalli"]
[Result "1-0"]
[WhiteTitle "GM"]
[BlackTitle "GM"]
[WhiteElo "2525"]
[BlackElo "2543"]
[WhiteFideId "4167570"]
[BlackFideId "5015197"]
[EventDate "2016.12.29"]

1. d4 Nf6 2. c4 g6 3. Nc3 d5 4. Nf3 Bg7 5. cxd5 Nxd5 6. e4 Nxc3 7. bxc3 c5 8.
Bb5+ Nc6 9. O-O cxd4 10. cxd4 O-O 11. Be3 Bg4 12. Bxc6 bxc6 13. Qa4 Bxf3 14.
gxf3 Qd7 15. Kg2 f5 16. Qc4+ Kh8 17. e5 f4 18. Bd2 Rf5 19. h4 g5 20. Rh1 Raf8
21. Rac1 Rg8 22. hxg5 Rxg5+ 23. Kf1 Qf5 24. Ke2 Rd8 25. Rh4 Bxe5 26. dxe5 Qxe5+
27. Qe4 Qb5+ 28. Rc4 Rxd2+ 29. Kxd2 Qb2+ 30. Qc2 Rd5+ 31. Ke2 Re5+ 32. Kf1 Qa1+
33. Kg2 Rg5+ 34. Rg4 Re5 35. Qc3 1-0

[Event "World Blitz Women 2016"]
[Site "Doha QAT"]
[Date "2016.12.30"]
[Round "11.5"]
[White "Koneru, Humpy"]
[Black "Gaponenko, Inna"]
[Result "1-0"]
[WhiteTitle "GM"]
[BlackTitle "IM"]
[WhiteElo "2557"]
[BlackElo "2411"]
[WhiteFideId "5008123"]
[BlackFideId "14101181"]
[EventDate "2016.12.29"]

1. d4 d5 2. c4 e6 3. Nc3 c6 4. e3 Nf6 5. Nf3 Nbd7 6. Qc2 b6 7. Bd3 Bb7 8. b3 Be7
9. O-O Qc7 10. Bb2 Rd8 11. Rad1 h6 12. h3 O-O 13. Ne5 dxc4 14. bxc4 c5 15. f4
cxd4 16. exd4 Nb8 17. Nb5 Qc8 18. Nxa7 Qc7 19. Nb5 Qc8 20. f5 Nc6 21. Qe2 Nxe5
22. dxe5 Bc5+ 23. Kh1 Nh7 24. f6 Qc6 25. Qg4 g5 26. Be2 Qe4 27. Qxe4 Bxe4 28.
Nd6 Bxd6 29. exd6 Bc6 30. Be5 Rd7 31. Rb1 Rb8 32. c5 b5 33. Rb4 Nf8 34. Rfb1
Rdb7 35. Bd3 Nd7 36. Bd4 e5 37. Bf2 Nxf6 38. a4 bxa4 39. Rxb7 Rxb7 40. Rxb7 Bxb7
41. Bb5 a3 42. Be1 a2 43. Bc3 Nd5 44. Bxe5 Bc8 45. d7 Bxd7 46. Bxd7 1-0

[Event "World Blitz Women 2016"]
[Site "Doha QAT"]
[Date "2016.12.30"]
[Round "11.7"]
[White "Javakhishvili, Lela"]
[Black "Goryachkina, Aleksandra"]
[Result "1-0"]
[WhiteTitle "IM"]
[BlackTitle "WGM"]
[WhiteElo "2461"]
[BlackElo "2466"]
[WhiteFideId "13601458"]
[BlackFideId "4147103"]
[EventDate "2016.12.29"]

1. c4 Nf6 2. Nf3 e6 3. g3 d5 4. Bg2 dxc4 5. Qa4+ Bd7 6. Qxc4 c5 7. Ne5 Qc8 8.
O-O Nc6 9. Nxd7 Qxd7 10. b3 Rc8 11. Bb2 Be7 12. d3 O-O 13. Nd2 b6 14. Nf3 Rfd8
15. Rfd1 Nd4 16. Rd2 b5 17. Qc1 Qd6 18. e3 Nxf3+ 19. Bxf3 Nd5 20. a3 Bf6 21. Kg2
Bxb2 22. Qxb2 h6 23. Rc1 Nb6 24. h4 c4 25. d4 a5 26. Rdc2 cxb3 27. Qxb3 Rxc2 28.
Rxc2 Nc4 29. a4 Na3 30. Rc6 Qb4 31. Qxb4 axb4 32. axb5 b3 33. b6 b2 34. Be4 f5
35. b7 fxe4 36. Rc8 Rxc8 37. bxc8=Q+ Kh7 38. Qxe6 b1=Q 39. Qf5+ Kg8 40. Qe6+ Kh7
41. d5 Qd3 42. d6 Nc2 43. Qf5+ g6 44. Qf7+ Kh8 45. d7 Ne1+ 46. Kh3 Qf1+ 47. Kg4
Qe2+ 48. Kh3 Qf1+ 49. Kg4 Qe2+ 50. f3 h5+ 51. Kg5 Nxf3+ 52. Kh6 Qxe3+ 53. Qf4
Qb6 54. Qf8# 1-0

[Event "World Blitz Women 2016"]
[Site "Doha QAT"]
[Date "2016.12.30"]
[Round "11.8"]
[White "Zhao, Xue"]
[Black "Khademalsharieh, Sarasadat"]
[Result "0-1"]
[WhiteTitle "GM"]
[BlackTitle "IM"]
[WhiteElo "2504"]
[BlackElo "2438"]
[WhiteFideId "8601283"]
[BlackFideId "12512214"]
[EventDate "2016.12.29"]

1. c4 Nf6 2. Nc3 e6 3. e3 Bb4 4. Qc2 O-O 5. a3 Bxc3 6. Qxc3 b6 7. b4 Bb7 8. Bb2
d6 9. Nf3 Nbd7 10. Be2 c5 11. O-O Rc8 12. d4 Qe7 13. Rfd1 Ne4 14. Qb3 Ba8 15.
Ne1 f5 16. f3 Nef6 17. Rac1 d5 18. dxc5 bxc5 19. b5 Nb6 20. a4 dxc4 21. Qa3 Nbd5
22. Bxc4 Nb4 23. Nd3 Nfd5 24. Ne5 Qg5 25. Re1 f4 26. e4 Ne3 27. Bxe6+ Kh8 28.
Re2 Rc7 29. Nc4 Re7 30. Nxe3 fxe3 31. Bh3 h5 32. Qxe3 Qg6 33. Rxc5 Ref7 34. Bf5
Qd6 35. Rc1 Kg8 36. Rd2 Qe7 37. Qc5 Qg5 38. Qxb4 Rxf5 39. exf5 Bxf3 40. Re1 Rxf5
41. Rf2 Bb7 42. Qd2 Qg6 43. Rxf5 Qxf5 44. Qd4 Qg6 45. Qxg7+ 0-1

[Event "World Blitz Women 2016"]
[Site "Doha QAT"]
[Date "2016.12.30"]
[Round "11.9"]
[White "Charochkina, Daria"]
[Black "Dzagnidze, Nana"]
[Result "1-0"]
[WhiteTitle "IM"]
[BlackTitle "GM"]
[WhiteElo "2383"]
[BlackElo "2520"]
[WhiteFideId "4180917"]
[BlackFideId "13601903"]
[EventDate "2016.12.29"]

1. d4 Nf6 2. Bf4 e6 3. Nf3 b6 4. e3 Bb7 5. h3 d5 6. c3 Bd6 7. Ne5 O-O 8. Bd3 c5
9. O-O Nc6 10. Nd2 Qc7 11. Ndf3 Ne4 12. Nxc6 Bxf4 13. exf4 Bxc6 14. Ne5 Rac8 15.
Re1 f6 16. Nxc6 Qxc6 17. Qe2 cxd4 18. cxd4 Rfe8 19. Bb5 Qd6 20. Bxe8 Rxe8 21.
Qb5 Re7 22. f3 Ng3 23. Qd3 Qxf4 24. Qe3 Qd6 25. Rac1 Nf5 26. Qd2 Kf7 27. a3 h5
28. Rc8 Qg3 29. Rd1 Nh4 30. Qf2 Qf4 31. Rf1 Nf5 32. Rd1 h4 33. Rc3 Kg6 34. Qd2
Qd6 35. Qd3 Qf4 36. Qd2 Qd6 37. Rd3 Rc7 38. Re1 Rc6 39. Qe2 Qc7 40. Rd2 Qf4 41.
Qd3 Rc4 42. Qe2 Nxd4 43. Qd3+ Qf5 44. Qxf5+ Kxf5 45. Rd3 e5 46. Rc3 Rxc3 47.
bxc3 Nc2 48. Rd1 Ke6 49. a4 Kd6 50. Rd2 Ne3 51. Kf2 Nc4 52. Ra2 g5 53. Ke2 Kc5
54. Kd3 f5 55. Ra1 a6 56. Re1 e4+ 57. fxe4 dxe4+ 58. Kc2 f4 59. Rxe4 Ne3+ 60.
Kd3 Kd5 61. Rb4 Nxg2 62. Rxb6 f3 63. Rf6 Nf4+ 64. Ke3 Ke5 65. Rxa6 Nxh3 66. Kxf3
Kf5 67. Ra5+ Kg6 68. Rb5 Nf4 69. a5 h3 70. Kg3 Ne2+ 71. Kxh3 Nxc3 72. Rb6+ Kf5
73. a6 g4+ 74. Kg2 1-0

[Event "World Blitz Women 2016"]
[Site "Doha QAT"]
[Date "2016.12.30"]
[Round "11.10"]
[White "Abdumalik, Zhansaya"]
[Black "Gvetadze, Sofio"]
[Result "1-0"]
[WhiteTitle "WGM"]
[BlackTitle "IM"]
[WhiteElo "2405"]
[BlackElo "2283"]
[WhiteFideId "13703544"]
[BlackFideId "13601440"]
[EventDate "2016.12.29"]

1. e4 Nf6 2. e5 Nd5 3. d4 d6 4. exd6 cxd6 5. Nf3 g6 6. h3 Bg7 7. Bc4 Nb6 8. Bb3
O-O 9. O-O Nc6 10. c3 e5 11. dxe5 dxe5 12. Qxd8 Nxd8 13. Be3 Nc6 14. Bc5 Rd8 15.
Ng5 Rd7 16. Na3 h6 17. Ne4 Na5 18. Bxb6 axb6 19. Nc4 Nxc4 20. Bxc4 Rc7 21. Bb3
Kf8 22. Rad1 Bd7 23. Nd6 f5 24. Rfe1 Bc6 25. Nc4 Re8 26. Nxb6 e4 27. Rd6 g5 28.
Bd5 Bxd5 29. Nxd5 Rf7 30. a4 f4 31. a5 h5 32. b4 g4 33. hxg4 hxg4 34. Rg6 Rf5
35. Nc7 Bxc3 36. Rc1 e3 37. Nxe8 e2 38. Re6 f3 39. Rxc3 Rd5 40. Nf6 Rd1+ 41. Kh2
e1=Q 42. Rxe1 Rxe1 43. gxf3 Re6 44. Nxg4 b6 45. axb6 Rxb6 46. Rc4 1-0

[Event "World Blitz Women 2016"]
[Site "Doha QAT"]
[Date "2016.12.30"]
[Round "11.11"]
[White "Zhukova, Natalia"]
[Black "Pham, Le Thao Nguyen"]
[Result "1-0"]
[WhiteTitle "GM"]
[BlackTitle "IM"]
[WhiteElo "2440"]
[BlackElo "2351"]
[WhiteFideId "14101513"]
[BlackFideId "12401226"]
[EventDate "2016.12.29"]

1. d4 d5 2. c4 c6 3. Nf3 Nf6 4. Nc3 dxc4 5. a4 Bf5 6. Ne5 Nbd7 7. Nxc4 Nb6 8.
Ne5 a5 9. e3 e6 10. Bd3 Bg6 11. O-O Bd6 12. f4 Bxd3 13. Qxd3 O-O 14. Rd1 Nbd5
15. e4 Nb4 16. Qe2 Nd7 17. Be3 Qe7 18. Rac1 Rfd8 19. Nc4 Bc7 20. Qf3 Nb6 21. Nd2
Rd7 22. b3 Rad8 23. Nf1 f5 24. Ng3 Rf8 25. exf5 exf5 26. Bf2 N6d5 27. Re1 Qf7
28. Nxd5 Nxd5 29. Ne2 Re8 30. g3 Rde7 31. Nc3 Nb4 32. Rxe7 Rxe7 33. Ne2 Bb6 34.
Rc4 Nd5 35. Nc1 Nb4 36. Nd3 Nxd3 37. Qxd3 Qd5 38. Rc2 Re4 39. Re2 Bxd4 40. Bxd4
Rxd4 41. Qe3 Rd1+ 42. Kf2 Qd4 43. Qxd4 Rxd4 44. Re7 Rb4 45. Re3 Kf7 46. Rd3 h6
47. Ke3 Ke6 48. Kd2 Re4 49. Kc3 b5 50. axb5 cxb5 51. Rd8 a4 52. bxa4 bxa4 53.
Ra8 g5 54. Ra6+ Kd5 55. Rxh6 gxf4 56. gxf4 Rxf4 57. h4 Rf3+ 58. Kb2 Rh3 59. h5
Ke5 60. Rh8 Kf6 61. h6 Kg6 62. Rg8+ Kh7 63. Rf8 Rf3 1-0

[Event "World Blitz Women 2016"]
[Site "Doha QAT"]
[Date "2016.12.30"]
[Round "11.13"]
[White "Batsiashvili, Nino"]
[Black "Purtseladze, Maka"]
[Result "1-0"]
[WhiteTitle "IM"]
[BlackTitle "IM"]
[WhiteElo "2482"]
[BlackElo "2347"]
[WhiteFideId "13602993"]
[BlackFideId "13602659"]
[EventDate "2016.12.29"]

1. d4 Nf6 2. c4 Nc6 3. a3 e5 4. d5 Ne7 5. Nc3 Ng6 6. h4 h5 7. Nf3 a5 8. Bg5 Be7
9. e3 d6 10. Bd3 Nf8 11. Qc2 N6d7 12. Bxe7 Qxe7 13. Nd2 Nc5 14. Bf5 Bxf5 15.
Qxf5 Nfd7 16. Ke2 a4 17. Qg5 f6 18. Qg6+ Qf7 19. Qxf7+ Kxf7 20. Nb5 Rhc8 21.
Rag1 Ke7 22. g4 c6 23. Nc3 Rh8 24. gxh5 Kf7 25. Nce4 Nxe4 26. Nxe4 cxd5 27. cxd5
Ra6 28. Ng3 Rb6 29. Nf5 Rxb2+ 30. Kf3 Rb6 31. Rxg7+ Ke8 32. h6 Nf8 33. Rhg1 Ra6
34. Rxb7 e4+ 35. Kxe4 Nd7 36. Rg7 Nc5+ 37. Kf4 Nxb7 38. Rxb7 Ra8 39. Nxd6+ Kf8
40. h7 Ra6 41. Rf7# 1-0

[Event "World Blitz Women 2016"]
[Site "Doha QAT"]
[Date "2016.12.30"]
[Round "11.14"]
[White "Ovezdurdiyeva, Jemal"]
[Black "Geldiyeva, Mahri"]
[Result "0-1"]
[WhiteTitle "WFM"]
[BlackTitle "WGM"]
[WhiteElo "2080"]
[BlackElo "2220"]
[WhiteFideId "14001888"]
[BlackFideId "14000059"]
[EventDate "2016.12.29"]

1. d4 d5 2. c4 dxc4 3. e3 Nf6 4. Bxc4 a6 5. Nc3 e6 6. Nf3 c5 7. O-O b5 8. Bd3
Nbd7 9. b3 Bb7 10. Bb2 Bd6 11. Qe2 Qb8 12. h3 O-O 13. e4 cxd4 14. Nxd4 Nc5 15.
Bc2 b4 16. Na4 Ncxe4 17. Nb6 Nc3 18. Bxc3 bxc3 19. Nxa8 Qxa8 20. Nf3 Nd5 21. Qd3
g6 22. Ne1 a5 23. Qd4 Rd8 24. Be4 Nf4 25. Bxb7 Qxb7 26. Qc4 Rc8 27. Qa4 c2 28.
Nxc2 Qxg2# 0-1

[Event "World Blitz Women 2016"]
[Site "Doha QAT"]
[Date "2016.12.30"]
[Round "11.15"]
[White "Hallaeva, Bahar"]
[Black "Zhu, Chen"]
[Result "0-1"]
[WhiteTitle "WFM"]
[BlackTitle "GM"]
[WhiteElo "2112"]
[BlackElo "2419"]
[WhiteFideId "14000679"]
[BlackFideId "8600546"]
[EventDate "2016.12.29"]

1. e4 c5 2. c3 Nf6 3. e5 Nd5 4. d4 cxd4 5. Nf3 Nc6 6. cxd4 d6 7. Bc4 dxe5 8.
dxe5 Ndb4 9. Qb3 e6 10. O-O Na5 11. Bb5+ Bd7 12. Qa4 Bxb5 13. Qxb5+ Nac6 14. Nc3
a6 15. Qe2 Qd3 16. Bf4 Qxe2 17. Nxe2 Nd5 18. Bd2 Bc5 19. Nc3 Rd8 20. Ne4 Be7 21.
Rfd1 O-O 22. Nc3 Ndb4 23. Bf4 Nd3 24. Bg3 Nxb2 25. Rdb1 Ba3 26. Bf4 Nb4 27. Ne1
N4d3 28. Nxd3 Nxd3 29. Be3 Bb2 0-1

[Event "World Blitz Women 2016"]
[Site "Doha QAT"]
[Date "2016.12.30"]
[Round "11.17"]
[White "Sloan, Julia Elizabeth"]
[Black "Sviridova, Vlada"]
[Result "0-1"]
[WhiteTitle "CM"]
[BlackTitle "WFM"]
[WhiteElo "2173"]
[BlackElo "2144"]
[WhiteFideId "2018950"]
[BlackFideId "24109606"]
[EventDate "2016.12.29"]

1. d4 d5 2. c4 c6 3. Nf3 Nf6 4. e3 e6 5. Nc3 Nbd7 6. Bd3 dxc4 7. Bxc4 b5 8. Bd3
Bd6 9. O-O O-O 10. a3 a5 11. e4 e5 12. d5 cxd5 13. Nxb5 Qe7 14. Nxd6 Qxd6 15.
Nd2 Bb7 16. exd5 Qxd5 17. Ne4 Nxe4 18. Bxe4 Qxe4 19. f3 Qd4+ 20. Qxd4 exd4 21.
Rd1 Nc5 22. Bf4 Rfd8 23. Rac1 Ne6 24. Bc7 Nxc7 25. Rxc7 Ba6 26. Rc5 Be2 27. Rd2
d3 28. b4 axb4 29. axb4 h6 30. b5 Rdc8 31. Rxc8+ Rxc8 32. b6 Rb8 33. Rb2 Rb7 34.
Kf2 Kf8 35. Ke3 Ke7 36. Kd4 Kd6 37. f4 Kc6 38. Rb4 d2 0-1

[Event "World Blitz Women 2016"]
[Site "Doha QAT"]
[Date "2016.12.30"]
[Round "12.2"]
[White "Lagno, Kateryna"]
[Black "Koneru, Humpy"]
[Result "1-0"]
[WhiteTitle "GM"]
[BlackTitle "GM"]
[WhiteElo "2530"]
[BlackElo "2557"]
[WhiteFideId "14109336"]
[BlackFideId "5008123"]
[EventDate "2016.12.29"]

1. e4 c5 2. Nf3 e6 3. d4 cxd4 4. Nxd4 a6 5. c4 Qc7 6. Nc3 Nf6 7. Be3 b6 8. f3
Bb7 9. Be2 h5 10. Qd2 Be7 11. O-O O-O 12. Rab1 Nc6 13. Rfc1 Ne5 14. b4 d6 15.
Nb3 Rab8 16. Na4 Bc6 17. b5 Be8 18. Qe1 a5 19. Nxb6 Rxb6 20. Qxa5 Rb7 21. Qxc7
Rxc7 22. a4 Nfd7 23. a5 Nc5 24. b6 Rc8 25. Nd4 Na6 26. b7 Rb8 27. Rb6 Nc5 28. a6
Ba4 29. Nb5 Ned7 30. Rc6 Nxa6 31. Rxa6 Bxb5 32. cxb5 Rxb7 33. b6 Rfb8 34. Ra7
Kh7 35. Ba6 Rxa7 36. bxa7 1-0

[Event "World Blitz Women 2016"]
[Site "Doha QAT"]
[Date "2016.12.30"]
[Round "12.3"]
[White "Kashlinskaya, Alina"]
[Black "Ju, Wenjun"]
[Result "0-1"]
[WhiteTitle "IM"]
[BlackTitle "GM"]
[WhiteElo "2429"]
[BlackElo "2579"]
[WhiteFideId "4198026"]
[BlackFideId "8603006"]
[EventDate "2016.12.29"]

1. d4 Nf6 2. c4 e6 3. Nc3 Bb4 4. e3 O-O 5. Bd3 d5 6. Nf3 c5 7. O-O cxd4 8. exd4
dxc4 9. Bxc4 b6 10. Bg5 Bb7 11. Qe2 Nbd7 12. Rac1 Rc8 13. Ne5 h6 14. Bh4 Be7 15.
Rfd1 Nd5 16. Bxd5 Bxd5 17. Nxd7 Bxh4 18. Nxf8 Bg5 19. Rc2 Bc4 20. Qe4 Qxf8 21.
d5 exd5 22. Nxd5 Bxa2 23. Rxc8 Qxc8 24. h4 Bxd5 25. Rxd5 Bf6 26. Rd2 Qc1+ 27.
Kh2 Qxd2 28. Qf5 Qd6+ 29. Kg1 a5 30. Qc8+ Kh7 31. h5 Qd1+ 32. Kh2 Qxh5+ 33. Kg1
Qd1+ 34. Kh2 Qd6+ 35. Kg1 Qe5 36. Qc2+ g6 37. Qb3 Qxb2 38. Qxf7+ Bg7 39. Qe8
Qa1+ 40. Kh2 Qe5+ 41. Qxe5 Bxe5+ 0-1

[Event "World Blitz Women 2016"]
[Site "Doha QAT"]
[Date "2016.12.30"]
[Round "12.6"]
[White "Gaponenko, Inna"]
[Black "Javakhishvili, Lela"]
[Result "1-0"]
[WhiteTitle "IM"]
[BlackTitle "IM"]
[WhiteElo "2411"]
[BlackElo "2461"]
[WhiteFideId "14101181"]
[BlackFideId "13601458"]
[EventDate "2016.12.29"]

1. e4 c5 2. Nf3 Nc6 3. d4 cxd4 4. Nxd4 Qc7 5. Nc3 e6 6. Be3 a6 7. Qd2 Nf6 8. f4
d6 9. Be2 Bd7 10. O-O-O Nxd4 11. Bxd4 Bc6 12. Bf3 Nd7 13. Rhe1 O-O-O 14. Bg1 Qa5
15. Kb1 Be7 16. Nd5 Qxd2 17. Nxe7+ Kc7 18. Rxd2 Bb5 19. c4 Ba4 20. b3 Rhe8 21.
bxa4 Rxe7 22. e5 dxe5 23. Rb2 b6 24. fxe5 f6 25. exf6 gxf6 26. a5 Rb8 27. axb6+
Nxb6 28. Bc5 Ree8 29. Bxb6+ Rxb6 30. Rxb6 Kxb6 31. Kc2 Kc5 32. Kc3 e5 33. Bd5 f5
34. Rf1 Rf8 35. Rb1 Rf6 36. Rb7 Rh6 37. h3 Rh4 38. Rc7+ Kb6 39. Rc6+ Ka5 40. Re6
e4 41. Bb7 1-0

[Event "World Blitz Women 2016"]
[Site "Doha QAT"]
[Date "2016.12.30"]
[Round "12.7"]
[White "Arabidze, Meri"]
[Black "Zhao, Xue"]
[Result "0-1"]
[WhiteTitle "IM"]
[BlackTitle "GM"]
[WhiteElo "2379"]
[BlackElo "2504"]
[WhiteFideId "13604040"]
[BlackFideId "8601283"]
[EventDate "2016.12.29"]

1. d4 Nf6 2. c4 e6 3. Nf3 b6 4. a3 Bb7 5. Nc3 d5 6. cxd5 Nxd5 7. Qa4+ Bc6 8. Qc2
Be7 9. Ne5 Bb7 10. e4 Nxc3 11. bxc3 O-O 12. Bd3 c5 13. Be3 Nd7 14. f4 Rc8 15.
Qe2 Bh4+ 16. g3 Be7 17. O-O Nxe5 18. fxe5 Bg5 19. Bf2 cxd4 20. cxd4 Rc3 21. a4
Qd7 22. a5 Rfc8 23. axb6 axb6 24. Ra7 Rc1 25. Ra1 Rxf1+ 26. Rxf1 h6 27. Rb1 Bd8
28. Be3 Ra8 29. Qg4 Kh8 30. d5 Ra3 31. Rd1 Qa4 32. dxe6 fxe6 33. Bf1 Qe8 34. Bf2
Ra4 35. Bg2 Ra8 36. Qe2 Rc8 37. Qd3 b5 38. Rb1 Bc6 39. Bc5 Bg5 40. Bd6 Bd8 41.
Rf1 Bb6+ 42. Kh1 Ra8 43. Bf3 Kh7 44. Be2 Qg6 45. Bf3 Ra2 46. Rd1 Qg5 47. Bb4 Rf2
48. Bg2 Rxg2 49. Kxg2 Qg4 50. Re1 Ba7 51. Bd2 Qf5 52. Bf4 g5 53. Kf1 Qh3+ 54.
Ke2 gxf4 55. gxf4 Qxh2+ 56. Kd1 Qxf4 57. Kc2 Qf2+ 58. Re2 Qc5+ 59. Kd1 Qd4 60.
Qxd4 Bxd4 61. Rc2 Bxe4 62. Rc7+ Kg6 63. Re7 Bd5 64. Kd2 Bxe5 65. Ra7 b4 66. Ra5
b3 0-1

[Event "World Blitz Women 2016"]
[Site "Doha QAT"]
[Date "2016.12.30"]
[Round "12.8"]
[White "Zhukova, Natalia"]
[Black "Charochkina, Daria"]
[Result "0-1"]
[WhiteTitle "GM"]
[BlackTitle "IM"]
[WhiteElo "2440"]
[BlackElo "2383"]
[WhiteFideId "14101513"]
[BlackFideId "4180917"]
[EventDate "2016.12.29"]

1. d4 f5 2. Nf3 Nf6 3. c4 e6 4. g3 d5 5. Bg2 c6 6. O-O Bd6 7. Nbd2 O-O 8. Ne5 c5
9. e3 cxd4 10. exd4 Nc6 11. Nxc6 bxc6 12. c5 Bc7 13. Qa4 Bd7 14. Nf3 Ne4 15. Bf4
Bxf4 16. gxf4 Qf6 17. Ne5 Be8 18. f3 Nd2 19. Rf2 Nc4 20. Re1 Qh6 21. Nd3 Qf6 22.
b3 Qxd4 23. Bf1 Rf6 24. bxc4 Rg6+ 25. Bg2 Qxd3 26. cxd5 cxd5 27. Qa5 Rb8 28.
Qxa7 Rb1 29. Rxb1 Qxb1+ 30. Rf1 Qc2 31. Rf2 Qd1+ 32. Rf1 Qd4+ 33. Kh1 h6 34. Qb8
Qa4 35. Rc1 Kh7 36. c6 Bxc6 37. Bf1 d4 38. Bg2 Qxa2 39. Rg1 Rxg2 0-1

[Event "World Blitz Women 2016"]
[Site "Doha QAT"]
[Date "2016.12.30"]
[Round "12.9"]
[White "Goryachkina, Aleksandra"]
[Black "Abdumalik, Zhansaya"]
[Result "1-0"]
[WhiteTitle "WGM"]
[BlackTitle "WGM"]
[WhiteElo "2466"]
[BlackElo "2405"]
[WhiteFideId "4147103"]
[BlackFideId "13703544"]
[EventDate "2016.12.29"]

1. d4 Nf6 2. c4 g6 3. Nc3 d5 4. cxd5 Nxd5 5. e4 Nxc3 6. bxc3 Bg7 7. Be3 c5 8.
Qd2 O-O 9. Nf3 Bg4 10. Be2 Qa5 11. Rc1 Nc6 12. d5 Bxf3 13. gxf3 Nb8 14. h4 h5
15. f4 Nd7 16. e5 c4 17. Bxc4 Rac8 18. Be2 b5 19. c4 b4 20. Rg1 Rfd8 21. Kf1 Nf8
22. f5 Bxe5 23. fxg6 fxg6 24. Bxh5 Kf7 25. Bg4 Qa6 26. Qe2 Qf6 27. Bg5 Qd6 28.
h5 Bf6 29. hxg6+ Kg7 30. Bxf6+ exf6 31. Bxc8 Rxc8 32. Qg4 Re8 33. Rh1 Qe5 34.
Qh5 Qf4 35. Qh8+ Kxg6 36. Rg1+ Kf5 37. Qh5+ Ke4 38. Re1+ Kd4 39. Qxe8 Kc3 40.
Qe3+ Qxe3 41. Rxe3+ Kxc4 42. d6 Nd7 43. Rg7 Ne5 44. d7 1-0

[Event "World Blitz Women 2016"]
[Site "Doha QAT"]
[Date "2016.12.30"]
[Round "12.11"]
[White "Gvetadze, Sofio"]
[Black "Saduakassova, Dinara"]
[Result "0-1"]
[WhiteTitle "IM"]
[BlackTitle "WGM"]
[WhiteElo "2283"]
[BlackElo "2428"]
[WhiteFideId "13601440"]
[BlackFideId "13700090"]
[EventDate "2016.12.29"]

1. e4 c5 2. Nf3 e6 3. d3 Nc6 4. g3 g6 5. Bg2 Bg7 6. O-O d5 7. Nbd2 Nf6 8. Re1
O-O 9. Qe2 a5 10. Nf1 b6 11. e5 Nd7 12. Bf4 Ba6 13. h4 c4 14. dxc4 Bxc4 15. Qd2
Bxf1 16. Bxf1 Nc5 17. Bd3 f6 18. exf6 Qxf6 19. Ne5 Nxe5 20. Bxe5 Qf7 21. Bxg7
Qxg7 22. Qe3 Rf6 23. Re2 Raf8 24. Rf1 Rf3 25. Qg5 Qf6 26. Qh6 Rxg3+ 27. Kh2 Rg4
28. Qe3 Qxh4+ 29. Qh3 Qg5 30. f4 Rfxf4 31. Rg2 Rxg2+ 32. Qxg2 Rh4+ 33. Kg1 Rg4 0-1

[Event "World Blitz Women 2016"]
[Site "Doha QAT"]
[Date "2016.12.30"]
[Round "12.12"]
[White "Geldiyeva, Mahri"]
[Black "Batsiashvili, Nino"]
[Result "0-1"]
[WhiteTitle "WGM"]
[BlackTitle "IM"]
[WhiteElo "2220"]
[BlackElo "2482"]
[WhiteFideId "14000059"]
[BlackFideId "13602993"]
[EventDate "2016.12.29"]

1. d4 d5 2. Nf3 Nf6 3. e3 c5 4. c3 Nc6 5. Bd3 Bg4 6. h3 Bh5 7. Nbd2 e6 8. O-O
cxd4 9. exd4 Bd6 10. Re1 Qc7 11. Nf1 Bg6 12. Bxg6 hxg6 13. Qe2 Ne4 14. Ng5 Nxg5
15. Bxg5 O-O 16. Qg4 b5 17. a3 a5 18. Nd2 b4 19. axb4 axb4 20. Nf3 bxc3 21. bxc3
Rxa1 22. Rxa1 Ne7 23. Rc1 Rb8 24. Be3 Nf5 25. Ng5 Nxe3 26. fxe3 Be7 27. Nf3 Rb3
28. Qf4 Bd6 29. Qh4 Be7 30. Qe1 Bf6 31. Qd2 Qb6 32. Qd3 Rb2 33. e4 dxe4 34. Qxe4
Qb5 35. Ra1 Qe2 36. Qxe2 Rxe2 37. Rc1 Kf8 38. Kh2 Ke7 39. Kg3 Ra2 40. Ne1 Kd6
41. Kf3 Kd5 42. Nd3 Kc4 43. Nc5 Ra3 44. Ne4 Be7 45. Nd2+ Kd3 46. Ne4 f5 47. Nf2+
Kc4 48. Kf4 Bf6 49. g4 g5+ 50. Ke3 Rxc3+ 51. Rxc3+ Kxc3 52. Nd1+ Kc4 53. Nb2+
Kd5 54. Na4 Bxd4+ 55. Kd3 f4 56. Ke2 e5 57. Kf3 e4+ 58. Ke2 f3+ 59. Kf1 Ke5 60.
Ke1 0-1

[Event "World Blitz Women 2016"]
[Site "Doha QAT"]
[Date "2016.12.30"]
[Round "12.13"]
[White "Purtseladze, Maka"]
[Black "Dzagnidze, Nana"]
[Result "0-1"]
[WhiteTitle "IM"]
[BlackTitle "GM"]
[WhiteElo "2347"]
[BlackElo "2520"]
[WhiteFideId "13602659"]
[BlackFideId "13601903"]
[EventDate "2016.12.29"]

1. d4 Nf6 2. Bf4 b6 3. e3 Bb7 4. Nf3 g6 5. h3 Bg7 6. c4 O-O 7. Nc3 d5 8. Be2
Nbd7 9. O-O c5 10. cxd5 Nxd5 11. Nxd5 Bxd5 12. Bb5 a6 13. Bxd7 Qxd7 14. dxc5
bxc5 15. e4 Be6 16. Qxd7 Bxd7 17. Be5 f6 18. Bc3 Be6 19. b3 Rfd8 20. Rfd1 Kf7
21. Kf1 Rdc8 22. Rac1 a5 23. Rd2 Bh6 24. Rdc2 Bxc1 25. Rxc1 a4 26. Rb1 Rcb8 27.
Nd2 axb3 28. axb3 Rb7 29. Ke2 Rab8 30. b4 cxb4 31. Bd4 b3 32. Rb2 Rc8 33. Kd3
Rd7 34. Ke3 Rc2 35. Rxc2 bxc2 36. Bb2 Rb7 37. Ba3 Rb1 0-1

[Event "World Blitz Women 2016"]
[Site "Doha QAT"]
[Date "2016.12.30"]
[Round "12.14"]
[White "Khademalsharieh, Sarasadat"]
[Black "Ovezdurdiyeva, Jemal"]
[Result "1-0"]
[WhiteTitle "IM"]
[BlackTitle "WFM"]
[WhiteElo "2438"]
[BlackElo "2080"]
[WhiteFideId "12512214"]
[BlackFideId "14001888"]
[EventDate "2016.12.29"]

1. d4 Nf6 2. c4 g6 3. Nc3 Bg7 4. e4 d6 5. Be2 O-O 6. Be3 e5 7. d5 Nbd7 8. g4 Nc5
9. f3 Ne8 10. h4 c6 11. h5 cxd5 12. cxd5 a6 13. Qd2 b5 14. Nh3 b4 15. Nd1 a5 16.
Ndf2 Ra7 17. Rc1 Rc7 18. Bg5 f6 19. Be3 g5 20. O-O h6 21. Kg2 Ba6 22. Bxa6 Nxa6
23. Bb6 Rff7 24. Bxc7 Nexc7 25. Rc6 Nb8 26. Rc4 Bf8 27. Rfc1 Rd7 28. Nd1 Nba6
29. Ne3 Nc5 30. Nf2 N7a6 31. Nd3 Qb8 32. Nxc5 Nxc5 33. Nd1 Qb5 34. Nf2 Rc7 35.
Nd3 Rb7 36. Nxc5 dxc5 37. d6 Rd7 38. Rxc5 Rxd6 39. Qc2 Qd7 40. Qc4+ Kh8 41. Rd5
Rxd5 42. Qxd5 Qxd5 43. exd5 Kg8 44. Rc7 Bd6 45. Ra7 a4 46. Rxa4 Kf8 47. Kf2 Bc5+
48. Ke2 Ke7 49. Kd3 Kd6 50. Ke4 Ke7 51. Ra6 Bd4 52. Ra7+ Kd6 53. Rh7 Bxb2 54.
Rxh6 1-0

[Event "World Blitz Women 2016"]
[Site "Doha QAT"]
[Date "2016.12.30"]
[Round "12.16"]
[White "Pham, Le Thao Nguyen"]
[Black "Krivec, Jana"]
[Result "1/2-1/2"]
[WhiteTitle "IM"]
[BlackTitle "WGM"]
[WhiteElo "2351"]
[BlackElo "2264"]
[WhiteFideId "12401226"]
[BlackFideId "14601982"]
[EventDate "2016.12.29"]

1. d4 d5 2. Nf3 Nf6 3. Bf4 c5 4. e3 Nc6 5. Nbd2 Nh5 6. Bg5 h6 7. Bh4 g5 8. Bg3
Bg7 9. c3 Nxg3 10. hxg3 cxd4 11. exd4 Bf5 12. Nb3 a5 13. a4 b6 14. Bd3 Qd7 15.
Nc1 O-O 16. O-O Bg4 17. Bb5 Qd6 18. Be2 Bd7 19. Nd3 f6 20. Qb3 Kh8 21. Qxb6 e5
22. Qc5 Qe6 23. dxe5 fxe5 24. Nh2 e4 25. Bg4 Qe8 26. Nc1 Ne5 27. Bxd7 Qxd7 28.
Ne2 Nd3 29. Qa3 Rab8 30. Rab1 Qa7 31. Nd4 Bxd4 32. cxd4 Qxd4 33. Qd6 Nxf2 34.
Qxh6+ Kg8 35. Qxg5+ Kh8 36. Qh6+ Kg8 37. Qg6+ Kh8 38. Qh6+ Kg8 39. Qg6+ Kh8 1/2-1/2